[Event "VEN-ch U20 Girls"]
[Site "Merida"]
[Date "2013.04.??"]
[Round "2"]
[White "Castellanos, Arianny"]
[Black "Ramirez Belandria, Jorgelys"]
[Result "1-0"]
[WhiteElo "1695"]
[BlackElo "1188"]
[PlyCount "41"]
[EventDate "2013.04.23"]
[EventType "swiss"]
[EventRounds "7"]
[EventCountry "VEN"]
[SourceTitle "EXT 2015"]
[Source "ChessBase"]
[SourceDate "2014.11.20"]
[SourceVersion "1"]
[SourceVersionDate "2014.11.20"]
[SourceQuality "1"]

1. e4 e5 2. Nf3 Nc6 3. Bc4 Bc5 4. c3 d6 5. d3 Nf6 6. Bb3 Bb6 7. Nbd2 0-0 8. Nf1 Be6 9. Ng3 Re8 10. 0-0 Ne7 11. Bg5 Ng6 12. Nh4 Nxh4 13. Bxh4 c6 14. Nh5 Bg4 15. Nxf6+ Kh8 16. Qxg4 Qe7 17. Nxe8 Qxe8 18. Kh1 f6 19. f4 Be3 20. fxe5 dxe5 21. Rxf6 1-0

[Event "VEN-ch U20 Girls"]
[Site "Merida"]
[Date "2013.04.??"]
[Round "3"]
[White "Ramirez Belandria, Jorgelys"]
[Black "Vegas Escobar, Ambar Milagros"]
[Result "0-1"]
[WhiteElo "1188"]
[BlackElo "1525"]
[PlyCount "89"]
[EventDate "2013.04.23"]
[EventType "swiss"]
[EventRounds "7"]
[EventCountry "VEN"]
[SourceTitle "EXT 2015"]
[Source "ChessBase"]
[SourceDate "2014.11.20"]
[SourceVersion "1"]
[SourceVersionDate "2014.11.20"]
[SourceQuality "1"]

1. e4 e5 2. Nf3 f5 3. d3 d6 4. Nc3 Nf6 5. Be3 f4 6. Bd2 Be7 7. g3 fxg3 8. fxg3 0-0 9. Qe2 Bg4 10. Bg2 Nc6 11. 0-0-0 Nd4 12. Qf2 Nd7 13. h3 Bxf3 14. Bxf3 Rxf3 15. Qg2 Bg5 16. Kb1 Bxd2 17. Rxd2 Qg5 18. Re1 Qxg3 19. Qxg3 Rxg3 20. Rf1 Rf8 21. Rdd1 Rxh3 22. b3 Rxf1 23. Rxf1 Nf6 24. Nd1 Ng4 25. Kb2 Ne3 26. Nxe3 Rxe3 27. Kc3 Re2 28. Rc1 c5 29. b4 g5 30. a3 g4 31. Kb2 h5 32. Rh1 Rxc2+ 33. Kb1 g3 34. Rxh5 Rg2 35. Kc1 Rg1+ 36. Kd2 g2 37. Rg5+ Kf7 38. Ke3 Re1+ 39. Kf2 g1Q+ 40. Rxg1 Rxg1 41. Kxg1 cxb4 42. axb4 Ke6 43. Kf1 b5 44. Ke1 Nc2+ 45. Kd2 0-1